Trouvez le nom de villes de France grâce aux indices - Statistiques

Statistiques générales
  • Ce quiz a été pris 99 fois
  • Le résultat moyen est 12 sur 17
Statistiques - réponses
Indices Ville % Correct
moutarde - chanoine Kir Dijon
96%
carnaval - promenade des Anglais Nice
96%
24 heures - rillettes Le Mans
94%
gare Saint-Charles - la canebière Marseille
92%
bouchon - fourvière Lyon
91%
thermalisme - Pétain Vichy
90%
festival - papauté Avignon
89%
jambon - l'aviron Bayonne
81%
Alpes Maritimes - parfum Grasse
76%
biscuits roses - la cité des sacres Reims
76%
place Stanislas - bergamote Nancy
73%
Brassens - Paul Valéry Sète
52%
printemps - pâté berrichon Bourges
50%
la Savoureuse - lion Belfort
43%
Le fou chantant - Petite Florence du Languedoc Narbonne
38%
cathédrale Sainte-Cécile - la cité épiscopale Albi
23%
Diderot - Jeanne Mance Langres
8%
Aucun quiz correspondant
Distribution des résultats
% des personnes avec chaque résultat
Percentile par nombre de réponses
Votre historique - résultats
Vous n’avez pas pris ce quiz